Couleur des sièges des stations de la ligne 10 du métro parisien - Statistiques

Statistiques générales
  • Ce quiz a été pris 4 fois
  • Le résultat moyen est 9 sur 23
Statistiques - réponses
Hint Réponse % Correct
10 Boulogne - Jean Jaurès Bordeaux
75%
10 Boulogne - Pont de Saint-Cloud Orange
75%
10 Mirabeau Bleu
50%
10 Avenue Émile Zola Bleu
50%
10 Michel-Ange - Molitor Bordeaux
50%
10 Porte d'Auteuil Bordeaux
50%
10 Javel - André Citroën Inox
50%
10 Charles Michels Jaune
50%
10 Chardon-Lagache Orange
50%
10 La Motte-Picquet - Grenelle Orange
50%
10 Sèvres - Babylone Vert
50%
10 Gare d'Austerlitz Absent
25%
10 Duroc Bleu
25%
10 Vaneau Bleu
25%
10 Cardinal Lemoine Bleu
25%
10 Jussieu Bleu
25%
10 Michel-Ange - Auteuil Bordeaux
25%
10 Cluny - La Sorbonne Gris
25%
10 Odéon Jaune
25%
10 Église d'Auteuil Orange
25%
10 Maubert - Mutualité Orange
25%
10 Ségur Rouge
25%
10 Mabillon Rouge
25%
Aucun quiz correspondant
Distribution des résultats
% des personnes avec chaque résultat
Percentile par nombre de réponses
Votre historique - résultats
Vous n’avez pas pris ce quiz